KOHA-Header-6

Combinatorics Graph Theory, Algorithms And Applications (Record no. 8504)

000 -LEADER
fixed length control field 00291nam a2200109Ia 4500
100 ## - MAIN ENTRY--AUTHOR NAME
Personal name Alavi, Lick, Liu
245 #0 - TITLE STATEMENT
Title Combinatorics Graph Theory, Algorithms And Applications
260 ## - PUBLICATION, DISTRIBUTION, ETC. (IMPRINT)
Place of publication London
Name of publisher Addison
Year of publication 2000
300 ## - PHYSICAL DESCRIPTION
Number of Pages 294
942 ## - ADDED ENTRY ELEMENTS (KOHA)
Koha item type Books
Holdings
Withdrawn status Lost status Collection code Permanent Location Current Location Shelving location Date acquired Full call number Accession Number Koha item type
    Computer Science MAJU MAJU Shelf No.B23 2019-09-14 005.2 3249 Computer Science

Powered by Koha